000 00414nam a22001697a 4500
005 20160513105651.0
008 160513b xxu||||| |||| 00| 0 eng d
020 _a81-7808-588-7
041 _aeng
082 _b1833
100 _aP.C. Tulsian Vishal Pandey
_9542
245 _aQuantitative Techniques
260 _aDelhi
_bPearson Education,
_c2004
300 _a12.18
650 _aManagement
_9241
942 _cBK
999 _c708
_d708